Responses for Show #3348 - Wednesday, March 10, 1999

Contestants

[<< previous game]

Greg Sabin, a musician from Sacramento, California

Ellen Kellogg, a research analyst originally from New York City, New York

Dave Hampton, a student from Cambridge, Massachusetts (whose 2-day cash winnings total $16,400)

[next game >>]

Jeopardy! Round responses

50 YEARS AGO
SPORTS HOME CITIES
TV BY THE NUMBERS
PLANT INFO
"IN"
LIKE A LION
    $100 13
(Greg: What is evolution?)

Communism

Greg
Triple Stumper
    $100 11
Jacksonville

Greg
    $100 1
Three's Company

Greg
    $100 26
daisies

Ellen
    $100 6
incognito

Dave
    $100 18
Leo

Greg
    $200 14
Juan Peron

Dave
    $200 12
Seattle

Ellen
    $200 2
21 Jump Street

Greg
    $200 27
a shamrock

Ellen
    $200 7
International Business Machines

Ellen
    $200 22
Richard

Dave
    $300 15
Easter

Ellen
    $300 19
Chicago

Greg
    $300 3
One Day at a Time

Ellen
    $300 28
(Dave: What is cocoa?)

the kola nut

Dave
Triple Stumper
    $300 8
"Infatuation"

Ellen
    $300 23
MGM (Metro-Goldwyn-Mayer)

Dave
    $400 16
Israel

Dave
    $700 20
(Greg: What is Philadelphia?)

New York

Greg
    $400 4
Eight Is Enough

Greg
    $400 29
a grape

Triple Stumper
    $400 9
Inadmissible evidence

Greg
    $400 24
(Ellen: Who is Samson?)
(Dave: Who is Theseus?)

Hercules

DaveEllen
Triple Stumper
    $500 17
Mohandas Gandhi

Triple Stumper
    $500 21
Toronto

Greg
    $500 5
48 Hours

Ellen
    $500 30
Sir Walter Raleigh

Greg
    $500 10
Inchon

Triple Stumper
    $500 25
Judah

Triple Stumper

Scores at the first commercial break (after clue 15):

Dave Ellen Greg
$300 $1,800 $1,100

Scores at the end of the Jeopardy! Round:

Dave Ellen Greg
$500 $1,700 $1,800

Double Jeopardy! Round responses

U.S. GEOGRAPHY
NEXT IN LINE, PLEASE
WOMEN: WRITE ON!
MOVIE HODGEPODGE
"OUT"
LIKE A LAMB
    $200 11
Sierra Nevadas

Dave
    $200 21
Jupiter

Greg
    $200 1
Harper Lee

Dave
    $200 4
May

Greg
    $200 16
outlaw

Dave
    $200 24
(Greg: Who is Little Bo Peep?)

Mary

EllenGreg
    $400 12
Jordan River

Greg
    $400 22
Major

Dave
    $400 2
Alice Walker

Ellen
    $400 5
(Alex: Ellen was trying to ring in on that one; she didn't quite make it!)

Andy Warhol

Greg
    $400 17
outhouse

Ellen
    $400 27
Shari Lewis

Greg
    $600 13
(Greg: What is Nantucket?)
(Ellen: What is Prince Edward Island?)

Rhode Island

EllenGreg
Triple Stumper
    $600 23
Nonagon

Greg
    $600 3
Fear of Flying

Greg
    $600 6
W.C. Handy

Greg
    $600 18
an outrigger canoe

Greg
    $600 28
Masons

Triple Stumper
    $800 14
(Dave: What is New York?)

Delaware

Dave
Triple Stumper
    $1,500 25
Henry VIII

Ellen
    $800 9
Jacqueline Susann

Ellen
    $800 7
Galileo

Ellen
    $800 19
outcasts

Ellen
    $800 29
Sarah Churchill

Triple Stumper
    $500 15
Phoenix

Greg
    $1000 26
(Greg: Who is John Paul I?)

Paul VI

Greg
Triple Stumper
    $1000 10
Judy Blume

Greg
    $1000 8
Jules Feiffer

Ellen
    $1000 20
outlandish

Ellen
    $1000 30
Lady Caroline Lamb

Ellen

Scores at the end of the Double Jeopardy! Round:

Dave Ellen Greg
$700 $9,000 $5,500

[wagering suggestions for these scores]

Final Jeopardy! Round responses

BROADWAY MUSICALS
(Alex: Sir Mordred, saying that to Arthur.)
DaveWhat is Oklahoma???
$300
GregWhat is Sweeney Todd?
$3,501
EllenWhat is Paint Your Wagon?
$2,500
Camelot

Final scores:

Dave Ellen Greg
$400 $6,500 $1,999
3rd place: Motorola Tracfone & Air Time New champion: $6,500 2nd place: Trip to Naples Beach Hotel & Golf Club, Florida

Game dynamics:

Coryat scores:

Dave Ellen Greg
$700 $8,300 $6,700
9 R,
3 W
18 R
(including 1 DD),
2 W
20 R
(including 1 DD),
5 W
(including 1 DD)

Combined Coryat: $15,700

[game clues] [game scores] [suggest correction]

Game tape date: Unknown
The J! Archive is created by fans, for fans. Scraping, republication, monetization, and malicious use prohibited; this site may use cookies and collect identifying information. See terms. The Jeopardy! game show and all elements thereof, including but not limited to copyright and trademark thereto, are the property of Jeopardy Productions, Inc. and are protected under law. This website is not affiliated with, sponsored by, or operated by Jeopardy Productions, Inc. Join the discussion at JBoard.tv.